[Event "Baku Chess Olympiad | Open"]
[Site "chess24.com"]
[Date "2016.09.12"]
[Round "10"]
[White "Notha, Moakofi"]
[Black "Scerbin, Dmitrij"]
[Result "1/2-1/2"]
[Board "3"]
[WhiteID "11300710"]
[WhiteElo "2119"]
[WhiteCountry "BOT"]
[WhiteFideId "11300710"]
[WhiteEloChange "6"]
[BlackID "4118464"]
[BlackElo "2347"]
[BlackTitle "IM"]
[BlackCountry "RUS"]
[BlackFideId "4118464"]
[BlackEloChange "-6"]

1. e4 {[%clk 1:30:57]} c5 {[%clk 1:30:59]} 2. Nf3 {[%clk 1:31:15]} Nc6 {[%clk
1:31:03]} 3. g3 {[%clk 1:31:34]} g6 {[%clk 1:29:12]} 4. Bg2 {[%clk 1:31:57]} Bg7
{[%clk 1:29:35]} 5. O-O {[%clk 1:32:16]} d6 {[%clk 1:28:25]} 6. d3 {[%clk
1:32:12]} Bg4 {[%clk 1:26:37]} 7. h3 {[%clk 1:31:02]} Bd7 {[%clk 1:27:04]} 8.
Nbd2 {[%clk 1:31:16]} Qc7 {[%clk 1:26:20]} 9. a4 {[%clk 1:31:05]} e5 {[%clk
1:20:56]} 10. Nc4 {[%clk 1:30:42]} Nge7 {[%clk 1:21:06]} 11. Bg5 {[%clk 1:29:07]}
h6 {[%clk 1:20:46]} 12. Bd2 {[%clk 1:26:37]} Be6 {[%clk 1:17:14]} 13. c3 {[%clk
1:20:57]} f5 {[%clk 1:10:43]} 14. Qe2 {[%clk 1:17:35]} O-O {[%clk 1:08:28]} 15.
Rfc1 {[%clk 1:12:48]} Rf7 {[%clk 0:46:47]} 16. Be1 {[%clk 0:59:06]} Raf8 {[%clk
0:42:09]} 17. Kh2 {[%clk 0:57:15]} Kh7 {[%clk 0:40:55]} 18. b4 {[%clk 0:53:21]}
fxe4 {[%clk 0:39:43]} 19. dxe4 {[%clk 0:53:28]} Bxc4 {[%clk 0:39:57]} 20. Qxc4
{[%clk 0:52:54]} Rxf3 {[%clk 0:40:24]} 21. Bxf3 {[%clk 0:51:41]} Rxf3 {[%clk
0:40:50]} 22. bxc5 {[%clk 0:51:40]} Na5 {[%clk 0:34:43]} 23. Qe2 {[%clk 0:51:33]}
Rf7 {[%clk 0:35:09]} 24. cxd6 {[%clk 0:48:39]} Qxd6 {[%clk 0:35:37]} 25. Qb5
{[%clk 0:47:23]} Qc7 {[%clk 0:32:12]} 26. Rd1 {[%clk 0:40:57]} Nec6 {[%clk
0:28:48]} 27. Rd5 {[%clk 0:37:02]} b6 {[%clk 0:26:01]} 28. Rad1 {[%clk 0:35:17]}
Nb7 {[%clk 0:21:02]} 29. Kg2 {[%clk 0:27:11]} Bf8 {[%clk 0:18:02]} 30. f3 {[%clk
0:20:18]} Nc5 {[%clk 0:08:47]} 31. Bf2 {[%clk 0:16:28]} a6 {[%clk 0:08:12]} 32.
Qc4 {[%clk 0:16:29]} Na5 {[%clk 0:08:05]} 33. Qa2 {[%clk 0:14:39]} Nc6 {[%clk
0:04:07]} 34. Qc4 {[%clk 0:12:36]} Qb7 {[%clk 0:02:57]} 35. Rb1 {[%clk 0:08:57]}
Qc7 {[%clk 0:02:13]} 36. Bxc5 {[%clk 0:08:25]} Bxc5 {[%clk 0:02:38]} 37. Qxa6
{[%clk 0:08:45]} Ne7 {[%clk 0:02:17]} 38. Rd3 {[%clk 0:08:58]} Ng8 {[%clk
0:02:28]} 39. Qc4 {[%clk 0:06:25]} Kg7 {[%clk 0:02:30]} 40. Rb5 {[%clk 0:35:53]}
Qc6 {[%clk 0:31:31]} 41. a5 {[%clk 0:32:29]} Nf6 {[%clk 0:15:26]} 42. axb6 {[%clk
0:27:16]} Nxe4 {[%clk 0:14:52]} 43. Rd5 {[%clk 0:18:40]} Ng5 {[%clk 0:03:25]} 44.
Rbxc5 {[%clk 0:13:01]} Qxb6 {[%clk 0:01:55]} 45. Qe2 {[%clk 0:05:24]} Nxf3 {[%clk
0:01:39]} 46. Rxe5 {[%clk 0:03:25]} Nxe5 {[%clk 0:02:02]} 47. Qxe5+ {[%clk
0:03:18]} Kh7 {[%clk 0:02:28]} 48. c4 {[%clk 0:00:52]} Ra7 {[%clk 0:01:36]} 49.
h4 {[%clk 0:00:40]} Qb1 {[%clk 0:01:34]} 50. Rc7+ {[%clk 0:00:58]} Rxc7 {[%clk
0:01:58]} 51. Qxc7+ {[%clk 0:01:26]} Kg8 {[%clk 0:02:27]} 52. Qc8+ {[%clk
0:01:14]} Kg7 {[%clk 0:02:54]} 53. Qd7+ {[%clk 0:01:35]} Kf6 {[%clk 0:02:54]} 54.
Qc6+ {[%clk 0:01:26]} Kg7 {[%clk 0:02:44]} 55. Qd7+ {[%clk 0:01:15]} Kf6 {[%clk
0:02:36]} 56. Qd6+ {[%clk 0:01:43]} Kf7 {[%clk 0:02:41]} 57. Qf4+ {[%clk
0:01:17]} Kg7 {[%clk 0:03:06]} 58. Qd4+ {[%clk 0:01:45]} Kf7 {[%clk 0:03:21]} 59.
Qf2+ {[%clk 0:01:52]} Kg7 {[%clk 0:03:33]} 60. c5 {[%clk 0:01:59]} Qe4+ {[%clk
0:03:49]} 61. Kh2 {[%clk 0:02:27]} h5 {[%clk 0:02:56]} 62. Qg2 {[%clk 0:02:02]}
Qc4 {[%clk 0:02:52]} 63. Qb7+ {[%clk 0:00:47]} Kh6 {[%clk 0:03:03]} 64. Qe7
{[%clk 0:00:35]} Qf1 {[%clk 0:01:56]} 65. Qg5+ {[%clk 0:00:41]} Kg7 {[%clk
0:02:08]} 66. Qe5+ {[%clk 0:01:08]} Kh7 {[%clk 0:02:23]} 67. Qc7+ {[%clk
0:01:13]} Kg8 {[%clk 0:02:46]} 68. Qb8+ {[%clk 0:01:15]} Kh7 {[%clk 0:02:55]} 69.
Qc7+ {[%clk 0:01:20]} Kg8 {[%clk 0:03:11]} 70. Qb8+ {[%clk 0:01:45]} Kh7 {[%clk
0:03:31]} 71. Qb7+ {[%clk 0:02:10]} Kg8 {[%clk 0:03:49]} 72. Qg2 {[%clk 0:02:26]}
Qc4 {[%clk 0:04:00]} 73. c6 {[%clk 0:02:23]} Kf7 {[%clk 0:03:24]} 74. Kg1 {[%clk
0:02:14]} Ke7 {[%clk 0:03:17]} 75. Qb2 {[%clk 0:01:01]} Qxc6 {[%clk 0:03:25]} 76.
Qg7+ {[%clk 0:01:09]} Ke8 {[%clk 0:03:44]} 1/2-1/2

[Event "Baku Chess Olympiad | Open"]
[Site "chess24.com"]
[Date "2016.09.12"]
[Round "10"]
[White "Mikheev, Stanislav"]
[Black "Mapini, Otsile"]
[Result "1-0"]
[Board "4"]
[WhiteID "4135920"]
[WhiteElo "2283"]
[WhiteTitle "IM"]
[WhiteCountry "RUS"]
[WhiteFideId "4135920"]
[WhiteEloChange "3"]
[BlackID "11304553"]
[BlackElo "1972"]
[BlackCountry "BOT"]
[BlackFideId "11304553"]
[BlackEloChange "-3"]

1. d4 {[%clk 1:30:57]} d5 {[%clk 1:30:49]} 2. c4 {[%clk 1:31:12]} e6 {[%clk
1:31:13]} 3. Nf3 {[%clk 1:31:17]} c6 {[%clk 1:31:34]} 4. cxd5 {[%clk 1:30:49]}
exd5 {[%clk 1:31:58]} 5. Nc3 {[%clk 1:31:12]} Bf5 {[%clk 1:31:59]} 6. Bf4 {[%clk
1:26:56]} Nd7 {[%clk 1:30:34]} 7. e3 {[%clk 1:26:46]} Ngf6 {[%clk 1:30:56]} 8. h3
{[%clk 1:25:27]} Be7 {[%clk 1:30:59]} 9. Bd3 {[%clk 1:21:55]} Bxd3 {[%clk
1:29:51]} 10. Qxd3 {[%clk 1:22:23]} O-O {[%clk 1:29:16]} 11. O-O {[%clk 1:21:20]}
Re8 {[%clk 1:29:29]} 12. Bh2 {[%clk 1:15:24]} Bf8 {[%clk 1:27:22]} 13. Nd2 {[%clk
1:04:09]} Qe7 {[%clk 1:27:22]} 14. b4 {[%clk 1:02:19]} b5 {[%clk 1:18:40]} 15. a4
{[%clk 0:54:23]} a6 {[%clk 1:18:42]} 16. Rfb1 {[%clk 0:50:02]} Nb6 {[%clk
1:18:23]} 17. a5 {[%clk 0:41:24]} Nc4 {[%clk 1:18:40]} 18. Nxc4 {[%clk 0:41:40]}
bxc4 {[%clk 1:18:49]} 19. Qc2 {[%clk 0:42:00]} Ne4 {[%clk 1:17:35]} 20. Na4
{[%clk 0:37:22]} Qd8 {[%clk 1:10:30]} 21. Nc5 {[%clk 0:36:40]} Ra7 {[%clk
1:09:17]} 22. f3 {[%clk 0:29:59]} Nf6 {[%clk 1:02:02]} 23. Qa4 {[%clk 0:27:35]}
Bd6 {[%clk 0:56:08]} 24. Qxc6 {[%clk 0:26:20]} Bxh2+ {[%clk 0:56:29]} 25. Kxh2
{[%clk 0:26:49]} Rxe3 {[%clk 0:56:38]} 26. Re1 {[%clk 0:19:47]} Qe7 {[%clk
0:47:35]} 27. Qc8+ {[%clk 0:15:46]} Ne8 {[%clk 0:47:42]} 28. Rxe3 {[%clk
0:10:16]} Qxe3 {[%clk 0:48:06]} 29. Nxa6 {[%clk 0:10:30]} Re7 {[%clk 0:48:26]}
30. Qc5 {[%clk 0:07:21]} Nf6 {[%clk 0:44:18]} 31. Qd6 {[%clk 0:05:17]} Re6 {[%clk
0:44:06]} 32. Qb8+ {[%clk 0:05:45]} Re8 {[%clk 0:44:22]} 33. Qc7 {[%clk 0:05:33]}
Qxd4 {[%clk 0:44:23]} 34. Rg1 {[%clk 0:04:56]} Qb2 {[%clk 0:42:00]} 35. Qf4
{[%clk 0:02:56]} h5 {[%clk 0:41:06]} 36. Nc7 {[%clk 0:02:13]} Rd8 {[%clk
0:39:51]} 37. a6 {[%clk 0:01:16]} Qf2 {[%clk 0:39:17]} 38. b5 {[%clk 0:01:06]} h4
{[%clk 0:36:57]} 39. Rd1 {[%clk 0:01:02]} c3 {[%clk 0:36:32]} 40. Ra1 {[%clk
0:30:47]} Nh5 {[%clk 0:56:12]} 41. Qg4 {[%clk 0:27:28]} Qg3+ {[%clk 0:54:01]} 42.
Qxg3 {[%clk 0:21:37]} hxg3+ {[%clk 0:54:12]} 43. Kg1 {[%clk 0:22:07]} d4 {[%clk
0:54:14]} 44. Nd5 {[%clk 0:22:24]} c2 {[%clk 0:51:30]} 45. Kf1 {[%clk 0:17:11]}
Re8 {[%clk 0:41:18]} 46. Nb4 {[%clk 0:15:01]} Nf4 {[%clk 0:35:36]} 47. Nxc2
{[%clk 0:15:04]} Re2 {[%clk 0:35:21]} 48. a7 {[%clk 0:11:57]} Rf2+ {[%clk
0:23:16]} 49. Ke1 {[%clk 0:12:08]} Nxg2+ {[%clk 0:22:02]} 50. Kd1 {[%clk
0:12:19]} Nh4 {[%clk 0:11:24]} 51. a8Q+ {[%clk 0:12:38]} Kh7 {[%clk 0:11:51]} 52.
Qe4+ {[%clk 0:12:44]} Ng6 {[%clk 0:12:14]} 53. Ne1 {[%clk 0:12:04]} Rf1 {[%clk
0:10:12]} 54. f4 {[%clk 0:11:47]} Rf2 {[%clk 0:06:59]} 55. f5 {[%clk 0:10:35]}
Nf4 {[%clk 0:07:18]} 56. f6+ {[%clk 0:10:58]} g6 {[%clk 0:07:39]} 57. Qxd4 {[%clk
0:09:50]} Nh5 {[%clk 0:06:52]} 58. Ra7 {[%clk 0:08:46]} Rxf6 {[%clk 0:07:02]} 59.
Qxf6 {[%clk 0:09:00]} 1-0